00320nam a2200097Ia 4500008004100000245009200041245001900133260000900152650001300161856004800174171211s9999 xx 000 0 und d aArtillery of Heaven: American Missionaries and the Failed Conversion of the Middle East cUssama Makdisi c2007 xRELIGION uhttp://down.ebook777.com/063/080144621X.pdf